• 首页
  • 本馆介绍
  • 公告通知
  • 最新文献
  • 馆藏检索
  • 电子资源
  • 读者导购
  • 参考咨询
  • 我的图书馆
  • 登录
  • 详细信息显示
  • 放入我的书架
  • 预约/预借图书
  • 作者相关作品
  • 分类相关作品
  • 丛书相关作品
  • 出版社相关作品

书目信息

  • 表格格式
  • 工作单格式
  • 卡片格式
题名:
海盗
    
 
作者: 叶元 编著
分册:  
出版信息: 北京   外文出版社  2010.07
页数: 334页
开本: 26cm
丛书名:
单 册:
中图分类: D59
科图分类:
主题词: 海盗--历史--世界 , 海盗
电子资源:
ISBN: 978-7-119-06508-3
000 00923nam0 2200253 45
001 1237608294
005 20120618085955.70
010    @a978-7-119-06508-3@dCNY38.00@z7-119-06508-4
100    @a20100805d2010 ekmy0chiy0120 ea
101 0  @achi
102    @aCN@b110000
105    @aa z 000yy
106    @ar
200 1  @a海盗@AHai Dao@e海上的峥嵘岁月与财富梦想@EHai Shang De Zheng Rong Sui Yue Yu Cai Fu Meng Xiang@f叶元编著@FYe Yuan Bian Zhu
210    @a北京@c外文出版社@d2010.07
215    @a334页@d26cm
330    @a本书以世界海盗的历史为线索,邀请北大历史系博士执笔,为读者呈现出一个真实的、丰富的海盗世界,细致地介绍海盗的起源、发展和文化等。
517 1  @a海上的峥嵘岁月与财富梦想@AHai Shang De Zheng Rong Sui Yue Yu Cai Fu Meng Xiang
606 0  @a海盗@x历史@z世界
606 0  @a海盗
690    @aD59@v4
701  0 @a叶元@AYe Yuan@4编著
801  0 @aCN@bTSTCL@c20120604
905    @b0817267-70@dD59@e182@f4
    
    海盗:海上的峥嵘岁月与财富梦想/叶元编著.-北京:外文出版社,2010.07
    334页;26cm
    
    
    ISBN 978-7-119-06508-3:CNY38.00
    本书以世界海盗的历史为线索,邀请北大历史系博士执笔,为读者呈现出一个真实的、丰富的海盗世界,细致地介绍海盗的起源、发展和文化等。
●
相关链接 在E读中查询图书 在五车中查询图书 在当当中查询图书 在豆瓣中查询图书


正题名:海盗     索取号:D59/182         预约/预借

序号 登录号 条形码 馆藏地/架位号 状态 备注
1 0817267   208172671   第一样本阅览室/ [索取号:D59/182] 在馆    
2 0817268   208172680   第一借阅区/ [索取号:D59/182] 在馆    
3 0817269   208172699   第一借阅区/ [索取号:D59/182] 在馆    
4 0817270   208172706   第一借阅区/ [索取号:D59/182] 在馆    
唐山师范学院图书馆 欢迎您!
大连网信软件有限公司© 版权所有